MLB World Series MVP Winners (Hard) - Statistics

General Stats
  • This quiz has been taken 40 times
  • The average score is 19 of 34
Answer Stats
Year Team Answer Position % Correct
2023 Texas Rangers Corey Seager SS
94%
2020 Los Angeles Dodgers Corey Seager SS
94%
2013 Boston Red Sox David Ortiz DH
89%
2000 New York Yankees Derek Jeter SS
89%
1999 New York Yankees Mariano Rivera RP
83%
2001* Arizona Diamondbacks Randy Johnson SP
83%
2022 Houston Astros Jeremy Peña SS
80%
2015 Kansas City Royals Salvador Perez C
80%
2019 Washington Nationals Stephen Strasburg SP
77%
2014 San Francisco Giants Madison Bumgarner SP
74%
2017 Houston Astros George Springer OF
71%
2021 Atlanta Braves Jorge Soler OF/DH
71%
2004 Boston Red Sox Manny Ramirez OF
69%
2012 San Francisco Giants Pablo Sandoval 3B
69%
2016 Chicago Cubs Ben Zobrist 2B/OF
57%
2001* Arizona Diamondbacks Curt Schilling SP
57%
2011 St. Louis Cardinals David Freese 3B
57%
1995 Atlanta Braves Tom Glavine SP
57%
2008 Philadelphia Phillies Cole Hamels SP
49%
2003 Florida Marlins Josh Beckett SP
46%
2018 Boston Red Sox Steve Pearce 1B
46%
2002 Anaheim Angels Troy Glaus 3B
46%
2010 San Francisco Giants Edgar Renteria SS
43%
2009 New York Yankees Hideki Matsui DH
40%
2005 Chicago White Sox Jermaine Dye OF
40%
1993 Toronto Blue Jays Paul Molitor DH
40%
2007 Boston Red Sox Mike Lowell 3B
37%
1998 New York Yankees Scott Brosius 3B
29%
2006 St. Louis Cardinals David Eckstein SS
26%
1997 Florida Marlins Livan Hernandez SP
26%
1996 New York Yankees John Wetteland RP
23%
1990 Cincinnati Reds Jose Rijo SP
23%
1992 Toronto Blue Jays Pat Borders C
14%
1991 Minnesota Twins Gene Larkin 1B
6%
No matching quizzes found
Score Distribution
Percent of People with Each Score
Percentile by Number Answered
Your Score History
You have not taken this quiz